[Event "Saarland-ch B"]
[Site "Saarlouis Steinrausch"]
[Date "2005.03.23"]
[Round "6"]
[White "Schwanengel, Moritz"]
[Black "Hesidenz, Erik"]
[Result "0-1"]
[WhiteElo "1523"]
[BlackElo "1527"]
[PlyCount "78"]
[EventDate "2005.03.18"]
[EventType "swiss"]
[EventRounds "9"]
[EventCountry "GER"]
[SourceTitle "EXT 2012"]
[Source "ChessBase"]
[SourceDate "2011.11.24"]
[SourceVersion "1"]
[SourceVersionDate "2011.11.24"]
[SourceQuality "1"]

1. e4 e5 2. Nf3 Nc6 3. Bc4 Bc5 4. d3 h6 5. Nc3 d6 6. h3 Nf6 7. 0-0 0-0 8. Re1 Na5 9. Bb3 Nxb3 10. axb3 Bd7 11. Be3 Bb6 12. Bxb6 axb6 13. Rxa8 Qxa8 14. d4 exd4 15. Qxd4 Re8 16. Qb4 Bc6 17. Nd2 Qa5 18. Qxa5 bxa5 19. f3 d5 20. Kf2 dxe4 21. Ndxe4 Bxe4 22. Nxe4 Nxe4+ 23. Rxe4 Rxe4 24. fxe4 f6 25. Kf3 Kf7 26. Ke3 Ke6 27. Kd4 Kd6 28. c4 b6 29. h4 g6 30. g4 c6 31. h5 gxh5 32. gxh5 Ke6 33. Kd3 Ke5 34. Ke3 f5 35. exf5 Kxf5 36. Kf3 Kg5 37. Ke4 Kxh5 38. Kf5 Kh4 39. Kf4 h5 0-1

[Event "Saarland-ch B"]
[Site "Saarlouis Steinrausch"]
[Date "2005.03.20"]
[Round "3"]
[White "Wuerfel, Raoul"]
[Black "Schwanengel, Moritz"]
[Result "1-0"]
[WhiteElo "1622"]
[BlackElo "1523"]
[PlyCount "41"]
[EventDate "2005.03.18"]
[EventType "swiss"]
[EventRounds "9"]
[EventCountry "GER"]
[SourceTitle "EXT 2012"]
[Source "ChessBase"]
[SourceDate "2011.11.24"]
[SourceVersion "1"]
[SourceVersionDate "2011.11.24"]
[SourceQuality "1"]

1. c4 e5 2. Nc3 Nf6 3. g3 Bc5 4. Bg2 c6 5. d3 d5 6. cxd5 Nxd5 7. Bd2 Be6 8. Nf3 Nd7 9. Ne4 Bb6 10. Nd6+ Ke7 11. Nc4 Qc7 12. a3 a5 13. Rc1 Rhe8 14. Ng5 N7f6 15. Nxe6 Kxe6 16. Bh3+ Ke7 17. e4 Kf8 18. exd5 Nxd5 19. Bg2 Rad8 20. 0-0 Nf6 21. Qb3 1-0

[Event "GER-chT U16"]
[Site "Greifswald"]
[Date "2003.12.29"]
[Round "6.4"]
[White "Schwanengel, Moritz"]
[Black "Schoettler, Richard"]
[Result "0-1"]
[WhiteElo "1184"]
[BlackElo "1590"]
[PlyCount "90"]
[EventDate "2003.12.27"]
[EventType "team-swiss"]
[EventRounds "7"]
[EventCountry "GER"]
[SourceTitle "EXT 2022"]
[Source "ChessBase"]
[SourceDate "2021.10.06"]
[SourceVersion "1"]
[SourceVersionDate "2021.10.06"]
[SourceQuality "1"]
[WhiteTeam "Saarlouis Rochade U16"]
[BlackTeam "Brackel SF U16"]
[WhiteTeamCountry "GER"]
[BlackTeamCountry "GER"]

1. e4 e5 2. Nf3 Nc6 3. Bb5 a6 4. Bxc6 dxc6 5. 0-0 Bd6 6. d4 Bg4 7. Be3 Bxf3 8. Qxf3 exd4 9. Bf4 Ne7 10. Nd2 Bxf4 11. Qxf4 0-0 12. Nb3 Re8 13. Rad1 Ng6 14. Qf3 Qe7 15. Rxd4 Rad8 16. Rfd1 b6 17. Rxd8 Rxd8 18. Rxd8+ Qxd8 19. Qd3 Qxd3 20. cxd3 Ne5 21. Nc1 c5 22. f3 Kf8 23. Kf2 Ke7 24. b3 b5 25. Ke2 Kd6 26. f4 Ng6 27. Ke3 Ne7 28. Ne2 Nc6 29. e5+ Kd7 30. Nc3 Nb4 31. Ne4 Nxa2 32. Nxc5+ Kc6 33. Nxa6 Nc1 34. b4 Na2 35. f5 Nc3 36. d4 Kb6 37. e6 fxe6 38. fxe6 Kxa6 39. Kf4 Nd5+ 40. Ke5 Nf6 41. d5 Kb7 42. e7 Kc8 43. Ke6 Ne8 44. h3 h5 45. g3 Nd6 0-1

[Event "GER-chT U16"]
[Site "Greifswald"]
[Date "2003.12.28"]
[Round "4.4"]
[White "Koch, Florian"]
[Black "Schwanengel, Moritz"]
[Result "1-0"]
[WhiteElo "1233"]
[BlackElo "1184"]
[PlyCount "73"]
[EventDate "2003.12.27"]
[EventType "team-swiss"]
[EventRounds "7"]
[EventCountry "GER"]
[SourceTitle "EXT 2022"]
[Source "ChessBase"]
[SourceDate "2021.10.06"]
[SourceVersion "1"]
[SourceVersionDate "2021.10.06"]
[SourceQuality "1"]
[WhiteTeam "Wermelskirchen U16"]
[BlackTeam "Saarlouis Rochade U16"]
[WhiteTeamCountry "GER"]
[BlackTeamCountry "GER"]

1. c4 e5 2. Nc3 Nc6 3. Nf3 Nf6 4. d3 h6 5. g3 Bc5 6. Bg2 d6 7. 0-0 Bg4 8. a3 a5 9. Qc2 0-0 10. Rb1 Qe7 11. Nd5 Qd8 12. b4 axb4 13. axb4 Nxd5 14. bxc5 Ndb4 15. Qc3 Na6 16. cxd6 cxd6 17. Rxb7 Nc5 18. Rb1 Qc7 19. Re1 Rfd8 20. Be3 e4 21. Nd2 exd3 22. exd3 Bf5 23. Be4 Nxe4 24. dxe4 Be6 25. Bb6 Qc8 26. Bxd8 Qxd8 27. Red1 Ne5 28. c5 f6 29. c6 Qc7 30. Rdc1 Ra6 31. Rb7 Qxc6 32. Qxc6 Nxc6 33. Rc7 Ne5 34. Re7 Bf7 35. f4 Nc6 36. Rd7 Nd4 37. Rc8+ 1-0

[Event "GER-chT U16"]
[Site "Greifswald"]
[Date "2003.12.28"]
[Round "3.4"]
[White "Schwanengel, Moritz"]
[Black "Tsoumanis, Konstantinos"]
[Result "1-0"]
[WhiteElo "1184"]
[BlackElo "984"]
[PlyCount "65"]
[EventDate "2003.12.27"]
[EventType "team-swiss"]
[EventRounds "7"]
[EventCountry "GER"]
[SourceTitle "EXT 2022"]
[Source "ChessBase"]
[SourceDate "2021.10.06"]
[SourceVersion "1"]
[SourceVersionDate "2021.10.06"]
[SourceQuality "1"]
[WhiteTeam "Saarlouis Rochade U16"]
[BlackTeam "Gryps SV U16 II"]
[WhiteTeamCountry "GER"]
[BlackTeamCountry "GER"]

1. e4 e5 2. Nf3 Nc6 3. Bc4 Bc5 4. Nc3 d6 5. h3 Be6 6. Bb3 Nf6 7. d3 0-0 8. Bg5 Bb4 9. 0-0 h6 10. Bh4 a6 11. Bd5 Qe7 12. d4 Bxc3 13. bxc3 exd4 14. Nxd4 Nxd4 15. Qxd4 Bxd5 16. exd5 c6 17. Rfe1 Qd8 18. Rab1 c5 19. Bxf6 cxd4 20. Bxd8 Rfxd8 21. cxd4 b5 22. Rb4 Rac8 23. Rc1 Rc4 24. Rxc4 bxc4 25. Rb1 Rc8 26. Rb6 a5 27. Rxd6 Rb8 28. Rc6 Rb4 29. d6 c3 30. d7 Rxd4 31. Rc8+ Kh7 32. d8Q Rxd8 33. Rxd8 1-0